000 00673nam a2200253Ia 4500
003 OSt
005 20230617114801.0
008 210423s2014 xx 000 0 und d
020 _a978-81-8128-475-4
040 _cAL
041 _aeng
082 _a541.37 BOCM
100 _aBOCKRIS (John O M);REDDY (Amulya K N)
_9102405
245 _aModern electrochemistry V 1: ionics Ed 2
250 _a2
260 _aNew York
_bSpringer Pvt Ltd
_c2014
300 _axxxvii,767p
_bPB
365 _b1395
_cINR
440 _v1
650 _aChemistry
_9102406
650 _aElectrochemistry
_9102407
906 _a1: ; electrochemistry ; ionics ; Modern
942 _2ddc
_cBK
999 _c165861
_d165861